000 00197nam a2200085Ia 4500
008 170617s9999 xx 000 0 und d
100 _aNOGARDY- THOMAS
245 0 _aMEDCINAL CHEMISTRY
260 _bDELHI- OXFORD
260 _c2011
999 _c15942
_d15942